000 00643nam a22001817a 4500
003 OSt
005 20260508012616.0
008 260505b |||||||| |||| 00| 0 eng d
020 _a971-06-0349-3B
040 _aDWCL-Main Lib
_cOC
082 _25th ed.
_aRes. 892 S481 2001
100 _aSerrano, Josephine B. / Lapid, Milagros G.
245 _aEnglish communication arts and skills II :
_bthrough Fro-Asian literature [teachers guide] /
_cSerrano, Josephine B.
260 _aQuezon City :
_bPhoenix Pub.,
_cc2001.
300 _axii , 162 p. ;
_c22 cm.
650 _aLiterature - Afro-Asiatic.
942 _2ddc
_cBK-0 CIRC
_e5th ed.
_mRes.
_n0
999 _c10230
_d10230